000 00531nam a2200205 a 4500
001 BRCA_6636
005 20190320205533.0
008 101011s1900----fr-a######---#000-0#fre-#
041 _afre
044 _afr
050 4 _aQB44
_b.F53 1900
100 1 _aFlammarion, Camille
_d1842-1925
_916288
245 1 0 _aAstronomie populaire
_cCamille Flammarion.
260 _aParís
_bE. Flammarion
_c[1900]
300 _a103-266 p. (v. 2)
_bil.
_c28 cm.
500 _aL131
650 1 4 _aAstronomía
_97908
902 _aGFM
942 _2lcc
_cB
999 _c6320
_d6320